000 00628nam a2200229 i 4500
001 C2-0344638
003 PPAK
005 20180728145405.0
008 180110s2016 ii |||| ||||| | tam d
040 _aPPAK
_beng
_cPPAK
_erda
082 0 4 _a894.8113
_223
090 0 0 _a894.8113
_bMEE
_dG
100 1 _aMeeran, Thoppil Muhammadu,
_eauthor
245 1 0 _aMuthukkal pathtu
264 1 _aChennai, India :
_bAmrutha Pathippagam ,
_c2016
300 _a184 pages ;
_c18 cm
336 _2rdacontent
_atext
337 _2rdamedia
_aunmediated
338 _2rdacarrier
_avolume
650 1 0 _aShort stories, Tamil.
942 _ddc
_cB
999 _c141207
_d141207